Potters & Perry's Fundamentals of Nursing (Record no. 9929)

MARC details
000 -LEADER
fixed length control field 00434nam a22001457a 4500
008 - FIXED-LENGTH DATA ELEMENTS--GENERAL INFORMATION
fixed length control field 240731b |||||||| |||| 00| 0 eng d
020 ## - INTERNATIONAL STANDARD BOOK NUMBER
International Standard Book Number 9788131257821
082 ## - DEWEY DECIMAL CLASSIFICATION NUMBER
Edition number Third South Asia Edition
Classification number 610.73
100 ## - MAIN ENTRY--PERSONAL NAME
Personal name Potter, Patrica A.
245 ## - TITLE STATEMENT
Title Potters & Perry's Fundamentals of Nursing
250 ## - EDITION STATEMENT
Edition statement Third South Asia Edition
260 ## - PUBLICATION, DISTRIBUTION, ETC.
Place of publication, distribution, etc. India
Name of publisher, distributor, etc. Relx India
300 ## - PHYSICAL DESCRIPTION
Extent xix, 1342p.
Dimensions 21cm
942 ## - Added entry Elements (Koha)
Source of classification or shelving scheme Dewey Decimal Classification
Edition Third South Asia Edition
Holdings
Withdrawn status Lost status Source of classification or shelving scheme Damaged status Not for loan Collection code Home library Current library Shelving location Date acquired Cost, normal purchase price Serial Enumeration / chronology Total Checkouts Full call number Barcode Date last seen Date last checked out Price effective from Koha item type Total Renewals
    Dewey Decimal Classification     Main TEST RTC Library RTC Library Main opac 31/07/2024 2814.00 18738 1 610.73 POT C.1 30019417 13/10/2025 13/10/2025 31/07/2024 Main  
    Dewey Decimal Classification     Main TEST RTC Library RTC Library Main opac 31/07/2024 2814.00 18739   610.73 POT C.2 30019414 31/07/2024   31/07/2024 Main  
    Dewey Decimal Classification     Main TEST RTC Library RTC Library Main opac 31/07/2024 2814.00 18740 1 610.73 POT C.3 30019415 27/08/2025 13/08/2025 31/07/2024 Main  
    Dewey Decimal Classification     Main TEST RTC Library RTC Library Main opac 31/07/2024 2814.00 18740 2 610.73 POT C.4 30019416 13/10/2025 13/10/2025 31/07/2024 Main 2
    Dewey Decimal Classification     Main TEST RTC Library RTC Library Main opac 31/07/2024 2814.00 18742 3 610.73 POT C.5 30019413 13/10/2025 13/10/2025 31/07/2024 Main  
    Dewey Decimal Classification     Main TEST RTC Library RTC Library Main opac 31/07/2024 2814.00 18743 3 610.73 POT C.6 30019420 04/03/2026 06/02/2026 31/07/2024 Main  
    Dewey Decimal Classification     Main TEST RTC Library RTC Library Main opac 31/07/2024 2814.00 18737 4 610.73 POT C.8 30019418 24/02/2026 06/02/2026 31/07/2024 Main  
    Dewey Decimal Classification     Main TEST RTC Library RTC Library Main opac 31/07/2024 2814.00 18744 5 610.73 POT C.7 30019419 19/03/2026 04/03/2026 31/07/2024 Main  
Royal Thimphu College || All Right Reserved